| 000 | 00765nam a2200205 a 4500 | ||
|---|---|---|---|
| 001 | 000023357 | ||
| 005 | 20240506193024.0 | ||
| 008 | 101203s1971 mx a r 000 0 spa d | ||
| 040 |
_aDO-SdBNP _bspa _cBNPHU |
||
| 082 |
_a612.3 _bG984n |
||
| 100 | 1 |
_aGuthrie, Helen A. _948114 |
|
| 245 | 1 | 0 |
_aNutrición : _bcurso programado / _cHelen A. Guthrie , Karen Sue Braddock ; traducción Orlando Espinosa de Monteros. |
| 260 |
_aMéxico, D. F. : _bCentro Regional de Ayuda Técnica : _bAgencia para el Desarrollo Internacional, _c1971. |
||
| 300 |
_aix, 286 p. : _bil. ; _c27 cm. |
||
| 650 | 0 |
_aNutrición _912779 |
|
| 650 | 4 |
_aNutrición _xEnseñanza _948115 |
|
| 700 | 1 |
_aBraddock, Karen Sue _948116 |
|
| 700 | 1 |
_aEspinosa de Monteros, Orlando _etr. _948117 |
|
| 049 | _aBNGR | ||
| 999 |
_c22854 _d22854 |
||